Top 50 Länder mit den schönsten Frauen - Statistiken

Allgemein
  • Dieses Quiz wurde 401 mal gespielt
  • Das Durchschnittsergebnis liegt bei 31 aus 50
Antwortstatistiken
Platz Land % Korrekt
04. Schweden🇸🇪
93%
09. Spanien🇪🇸
92%
🥉 Russland🇷🇺
91%
🥇 Brasilien🇧🇷
90%
🥈 Italien🇮🇹
89%
18. USA🇺🇸
89%
21. Japan🇯🇵
85%
07. Frankreich🇫🇷
84%
24. Norwegen🇳🇴
82%
08. Argentinien🇦🇷
81%
13. Mexiko🇲🇽
80%
22. Portugal🇵🇹
79%
12. Ukraine🇺🇦
78%
16. Australien🇦🇺
76%
17. Kanada🇨🇦
76%
19. Türkei🇹🇷
75%
23. Dänemark🇩🇰
73%
11. Griechenland🇬🇷
73%
06. Kolumbien🇨🇴
72%
10. Indien🇮🇳
71%
20. Thailand🇹🇭
69%
38. Chile🇨🇱
66%
05. Venezuela🇻🇪
65%
15. Südafrika🇿🇦
64%
25. Kroatien🇭🇷
63%
30. Neuseeland🇳🇿
62%
39. Belgien🇧🇪
61%
31. Iran🇮🇷
60%
29. Serbien🇷🇸
59%
33. Ägypten🇪🇬
58%
26. Tschechien🇨🇿
58%
43. Albanien🇦🇱
54%
41. Slowakei🇸🇰
54%
34. Bulgarien🇧🇬
51%
35. Estland🇪🇪
51%
40. Ungarn🇭🇺
50%
42. Bosnien-Herzegowina🇧🇦
48%
36. Nigeria🇳🇬
45%
27. Israel🇮🇱
44%
45. Jamaika🇯🇲
41%
49. Costa Rica🇨🇷
38%
28. Malaysia🇲🇾
36%
47. Malta🇲🇹
35%
46. Zypern🇨🇾
34%
14. Philippinen🇵🇭
31%
37. Singapur🇸🇬
29%
50 Dominikanische Republik🇩🇴
27%
32. Libanon🇱🇧
27%
48. Nicaragua🇳🇮
25%
44. Barbados🇧🇧
20%
Keine übereinstimmenden Quizze gefunden
Verteilung der Resultate
Anzahl Personen mit jedem Resultat
Perzentil nach korrekt beantworteten Fragen
Ihre Resultats-Entwicklung
Sie haben dieses Quiz noch nicht gespielt